| 000 | 03034nam a2200313 i 4500 | ||
|---|---|---|---|
| 001 | 000014388 | ||
| 003 | DO-SdBNP | ||
| 005 | 20250820123230.0 | ||
| 007 | ta | ||
| 008 | 091211s2002 dr a 000 0 spa d | ||
| 040 |
_aDO-SdBNP _bspa _cBNPHU _erda |
||
| 041 | _aspa | ||
| 082 | 4 |
_a972.9373 _bO12b _222 |
|
| 100 | 1 |
_aObjío G. , César F. _eautor _4aut. _932495 |
|
| 245 | 1 | 0 |
_aDel Baní tradicional / _cCésar F. Objío G. ; prólogo, Héctor Incháustegui Cabral. |
| 264 | 1 |
_aBaní, Provincia Peravia, República Dominicana : _bGráficas ITESA, _c2002. |
|
| 300 |
_a291 páginas : _bilustraciones ; _c21 cm. |
||
| 336 |
_atexto _btxt _2rdacontent |
||
| 337 |
_asin mediación _bn _2rdamedia |
||
| 338 |
_avolumen _bnc _2rdacarrier |
||
| 505 |
_tHomenaje a Baní -- _tFundación de Baní -- _tUna foto banileja famosa en la historia -- _tRelación de casas y personaje alrededor del parque -- _tIncendio del Teatro de Cintrón -- _tLa Pintura de la Iglesia -- _tBanilejo: siembra hielo -- _t¿De dónde vienen los cuartos? -- _tBaní en sus fiestas patronales -- _tLas fiestas patronales de Baní en los años 40 -- _tRecordando cómo eran las fiestas patronales de otros años -- _tNoviembre 1910 -- _tAmancia Objío Andújar -- _tLa Ermita de Las Tablas, Baní -- _tRonda nocturna por Villa Majega -- _tLa Gran Parada -- _tPersonajes populares banilejos -- _tMartín el Farolero -- _tLas Mañicas -- _tDon Octavio Rojas -- _tDon Eduardo Cintrón V -- _tDr. Héctor Israel Pérez Reyes -- _tDon Julio Alberto Hernández -- _tDon Héctor Colombino Perelló G / _gOFRENDAS LÍRICAS AL VALLE DEL ENSUEÑO -- _tBaní y sus matices carnavalescos -- _tAutoridades y personajes de Baní en 1905 -- _tParque de Baní -- _tAnuncios comerciantes en 1917 -- _tBaní a comienzos del siglo XX -- _tJosé Ramón López -- _tFrancisco Gregorio Billini -- _tEspléndido pasa-día en Baní -- _tSugerencia sobre Engracia y Antoñita -- _tBajo las florestas banilejas -- _tIn memorian Joaquín Sergio Incháustegui Andújar -- _tBaní -- _tReinado en Baní -- _tRecordando a Carmita Landestoy -- _tEl poeta Heredia no nació en Santo Domingo por culpa de Toussaint -- _tOrígenes del sistema de riego de Baní -- _tLas salinas de Puerto Hermoso son un patrimonio de Baní -- _tPalabras pronunciadas por H. Colombino Perelló -- _tAquellas tertulias banilejas -- _tNicolás Heredia era dominicano, no cubano -- _tAlgo sobre el Dr. Bienvenido Carrasco -- _tSan Juan se fue a bailar Sarandunga -- _tLos ecos veraniegos de la última Sarandunga -- _tRecuerdos banilejos -- _tImágenes y sentimientos -- _tEl hombre que vivió del accidente -- _tAgua banileja -- _tCaimito del Guayabal / |
||
| 590 | _aInventariado, 2025/ YL | ||
| 650 | 0 |
_aCiudades y pueblos _zRepública Dominicana _932619 _2LEMB |
|
| 650 | 0 |
_aCiudades y pueblos _zRepública Dominicana _xHistoria _932619 |
|
| 651 | 4 |
_aBaní (República Dominicana) _xHistoria local _96339 |
|
| 700 | 1 |
_aIncháustegui Cabral, Héctor, _d1912-1979 _eprologuista _921024 _4prol. |
|
| 910 | _aValidado. Control de calidad BNPHU | ||
| 942 |
_2ddc _cLBS1 |
||
| 999 |
_c13979 _d13979 |
||